Größte Orte im Landkreis Vorpommern-Rügen - Statistiken

Allgemein
  • Dieses Quiz wurde 30 mal gespielt
  • Das Durchschnittsergebnis liegt bei 7 aus 15
Antwortstatistiken
Einwohner Ort % Korrekt
13.689 Bergen auf Rügen
100%
5.545 Binz
96%
9.199 Sassnitz
92%
59.363 Stralsund
92%
8.777 Barth
48%
4.531 Putbus
48%
9.586 Grimmen
44%
3.173 Zingst
40%
15.721 Ribnitz-Damgarten
36%
2.710 Sellin
28%
4.694 Marlow
24%
2.669 Tribsees
24%
5.339 Sundhagen
20%
2.691 Steinhagen
4%
4.074 Süderholz
0%
Keine übereinstimmenden Quizze gefunden
Verteilung der Resultate
Anzahl Personen mit jedem Resultat
Perzentil nach korrekt beantworteten Fragen
Ihre Resultats-Entwicklung
Sie haben dieses Quiz noch nicht gespielt